000
00332 a2200145 4500
001
167742
020
_a
040
_c
Magnum
100
_a
Feracine, Luiz
240
1
0
_a
O professor como agente de mudanca social
_l
por
245
1
0
_a
O professor como agente de mudanca social
362
0
_a
1899
697
_a
ENSINO
942
_c
BK
999
_c
167742
_d
167742